LEADER 01559nam a2200301 i 4500 001 000000037708 003 CaOOAMICUS 005 20250520142726.0 008 130320s1990 it u000 u ita u 020 $a88-16-30184-8 040 $aSeMil$bita 100 1 $aBalthasar, Hans Urs : von,$c.$0(OLS)http://semarc/name/881 240 10$a«Du krönst das Jahr mit deiner Huld» : Radiopredigten.$0(OLS)http://semarc/title/52909 245 10$a'Tu coroni l'anno con la tua grazia' :$bprediche alla radio sull'anno liturgico /$cHans Urs Von Balthasar ; [traduzione di Ellero Babini]. 264 1$aMilano :$bJaca Book,$c1990. 300 $aXIII, 255 p. ;$c24 cm 490 0 $aGià e non ancora [Jaca Book]$ ;$v184 700 1 $aBabini, Ellero,$d<1953- >.$0(OLS)http://semarc/name/17450 773 0 $aBalthasar, Hans Urs : von $tSez. 7: Preghiera e mistica.$dMilano : Jaca Book, 1970-1997.$kHans Urs von Balthasar Opere$w()3350 830 0$aGià e non ancora ;$v184.$0(OLS)http://semarc/title/5902 830 0$aHans Urs von Balthasar Opere ;$v29.$0(OLS)http://semarc/title/430463 850 $aSeMil 852 $aSeMil$W1$xVenegono$y1$m2LL IV 29$j257246$B3863$CSeMilBibl$Z2$F3863 $81 961 $aOmaggio: Altro 996 $6020$a88-16-30184-8$9(OLS)http://semarc/number/6768 996 $6245$a'Tu coroni l'anno con la tua grazia' :$bprediche alla radio sull'anno liturgico$9(OLS)http://semarc/title/52908 996 $6264$aMilano :$bJaca Book$9(OLS)http://semarc/publisher/29781 LEADER 01642nam a2200313 i 4500 001 000000126736 003 CaOOAMICUS 005 20250212102223.0 008 060113s1973 it u000 u ita u 013 $a99444 040 $aSeMil$bita 100 1 $aAgostini, Filippo Guido.$0(OLS)http://semarc/name/52685 245 10$aAspetti del popolamento attuale della Montagna Lariana /$cFilippo Guido Agostini ; con introduzione sull'ambiente fisico del Prof. Giuseppe Nangeroni. 260 $aComo :$bCamera di Commercio, Industria, Artigianato, Agricoltura,$c1973. 300 $a182 p., 16 c. di tav. :$bill. ;$c28 cm. + [1] errata corrige, [14] c. di tav. ripiegate. 490 0 $aStudi e ricerche di economia comasca ;$v20 500 $aIn custodia. - Fondo Card. C.M. Martini. 650 4$aComo - Popolazione - 1951-1971.$0(OLS)http://semarc/subject/46164 650 4$aComo - Insediamenti - 1951-1971.$0(OLS)http://semarc/subject/24805 650 4$aComo - Economia - 1951-1971.$0(OLS)http://semarc/subject/46165 700 1 $aNangeroni, Giuseppe,$d<1892-1987>.$0(OLS)http://semarc/name/10948 830 0$aStudi e ricerche di economia comasca ;$v20.$0(OLS)http://semarc/title/20150 850 $aSeMil 852 $aSeMil$W1$xVenegono$y1$m3M VI 23$j81091$B81091$CSeMilBibl$Z2$F108246 $81 941 1 $a4 961 $aOmaggio: Martini Card. Carlo Maria 996 $6245$aAspetti del popolamento attuale della Montagna Lariana$9(OLS)http://semarc/title/186935 996 $6260$aComo :$bCamera di Commercio, Industria, Artigianato, Agricoltura$9(OLS)http://semarc/publisher/34096